[Event "RSA-chT U16"]
[Site "Cape Town"]
[Date "2016.01.06"]
[Round "6.4"]
[White "Hoon, Gideon Jakobus"]
[Black "Faltein, Hlumelo"]
[Result "1-0"]
[WhiteElo "1525"]
[BlackElo "1134"]
[PlyCount "25"]
[EventDate "2016.01.04"]
[EventType "team-tourn"]
[EventRounds "7"]
[EventCountry "RSA"]
[SourceTitle "CBM 170 Extra"]
[Source "ChessBase"]
[SourceDate "2016.02.25"]
[SourceVersion "1"]
[SourceVersionDate "2016.02.25"]
[SourceQuality "1"]
[WhiteTeam "Ethekwini"]
[BlackTeam "Nelson Mandela Bay"]
[WhiteTeamCountry "RSA"]
[BlackTeamCountry "RSA"]

1. e4 e5 2. f4 exf4 3. Nf3 Nc6 4. d4 d6 5. Nc3 Nf6 6. Bxf4 Ne7 7. Bc4 Ng6 8. Bg3 Be7 9. 0-0 Nh5 10. Qe1 Nh4 11. Nxh4 Bxh4 12. Bxh4 Qd7 13. Bxf7+ 1-0